Nederlandse premiers vanaf 1945 - Statistieken

Algemene statistieken
  • Deze quiz is 78 keer genomen
  • De gemiddelde score is 8 van 15
Antwoordstatistieken
Hint Antwoord % Correct
Mark Rutte
100%
Jan Peter Balkenende
95%
Wim Kok
95%
Ruud Lubbers
82%
Dries Van Agt
74%
Joop Den Uyl
72%
Willem Drees
62%
Piet De Jong
43%
Barend Biesheuvel
40%
Jo Cals
37%
Jelle Zijlstra
32%
Louis Beel
31%
Jan De Quay
29%
Victor Marijnen
29%
Wim Schermerhorn
25%
Geen overeenkomende quizzen gevonden
Scoreverdeling
Procent van Mensen met Elke Score
Percentiel versus Aantal Correcte Antwoorden
Uw Scoregeschiedenis
U heeft deze quiz nog niet genomen